| Tag |
First Indicator |
Second Indicator |
Subfields |
| LEADER |
00000cam a2200000 4500 |
| 001 |
in00000043252 |
| 005 |
20151007070931.0 |
| 008 |
800602s1952 fr a 00010 fre d |
| 035 |
|
|
|a (OCoLC)06380664
|
| 035 |
|
|
|9 AAE4994AM
|
| 040 |
|
|
|a TXA
|c TXA
|d UtOrBLW
|
| 049 |
|
|
|a TXAM
|c [219197]
|
| 090 |
|
|
|a QD33
|b .N49 1952
|
| 092 |
|
|
|a 540
|b N569
|
| 100 |
1 |
|
|a Ney, Jean,
|d 1892-
|
| 245 |
1 |
0 |
|a Lecons de chimie /
|c par J. Ney [et] P. Pastour.
|
| 264 |
|
1 |
|a Paris :
|b Dunod,
|c 1952.
|
| 300 |
|
|
|a 151 pages :
|b illustrations ;
|c 22 cm.
|
| 336 |
|
|
|a text
|b txt
|2 rdacontent
|
| 337 |
|
|
|a unmediated
|b n
|2 rdamedia
|
| 338 |
|
|
|a volume
|b nc
|2 rdacarrier
|
| 490 |
1 |
|
|a Bibliothèque de l'enseignement technique
|
| 650 |
|
0 |
|a Chemistry.
|
| 700 |
1 |
|
|a Pastour, Paul,
|d 1921-
|
| 830 |
|
0 |
|a Bibliothèque de l'enseignement technique.
|
| 999 |
|
|
|a MARS
|
| 999 |
f |
f |
|s 6b96afa8-0867-3786-a848-2041f718257a
|i 2af138dc-d653-3a56-a118-7486087ed91a
|t 0
|
| 952 |
f |
f |
|p ric
|a Texas A&M University
|b Rellis Campus
|c Joint Library Facility
|d Remote Storage
|t 0
|e QD33 .N49 1952
|h Library of Congress classification
|i unmediated -- volume
|m A14800931907
|
| 998 |
f |
f |
|a QD33 .N49 1952
|t 0
|l Remote Storage
|